[Event "HUN-chT 9798"]
[Site "Hungary"]
[Date "1998.??.??"]
[Round "?"]
[White "Ruck, Robert"]
[Black "Sax, Gyula"]
[Result "1/2-1/2"]
[WhiteElo "2450"]
[BlackElo "2545"]
[PlyCount "40"]
[EventDate "1997.??.??"]
[Source "www.chesslib.no"]
[SourceDate "2004.05.04"]

1. d4 Nf6 2. c4 e6 3. g3 c5 4. d5 exd5 5. cxd5 d6 6. Nc3 g6 7. Bg2 Bg7 8. Nf3 O-O 9. O-O Nbd7 10. Bf4 Qe7 11. h3 a6 12. a4 Re8 13. e4 Qf8 14. Re1 Nh5 15. Bd2 Ne5 16. Nxe5 Bxe5 17. Be3 Rb8 18. Qd2 b5 19. axb5 axb5 20. g4 b4 1/2-1/2

[Event "Autonomico-ch f"]
[Site "Aragon"]
[Date "1999.05.01"]
[Round "3"]
[White "Adla, Diego"]
[Black "Ricardi, Pablo"]
[Result "1/2-1/2"]
[WhiteElo "2467"]
[BlackElo "2527"]
[PlyCount "98"]
[EventDate "1999.04.17"]
[Source "www.chesslib.no"]
[SourceDate "2004.05.04"]

1. d4 Nf6 2. c4 e6 3. g3 c5 4. d5 exd5 5. cxd5 g6 6. Nc3 d6 7. Nf3 Bg7 8. Bg2 O-O 9. O-O Re8 10. Nd2 Nbd7 11. a4 Ne5 12. h3 Nh5 13. Kh2 f5 14. f4 Nf7 15. a5 Bd7 16. Nc4 Rb8 17. e4 fxe4 18. Nxe4 Bb5 19. Qb3 Ba6 20. Re1 Nf6 21. Ncd2 Kh8 22. Rd1 Be2 23. Re1 Ba6 24. Rd1 b5 25. Nxf6 Qxf6 26. Ne4 Qe7 27. Qc2 b4 28. Bd2 Bc8 29. Re1 Bf5 30. Rad1 Qc7 31. a6 Qb6 32. Qa4 Qc7 33. b3 Bd7 34. Qa2 Bb5 35. Bc1 c4 36. bxc4 Bxc4 37. Qb1 Nh6 38. Ng5 Nf5 39. Rxe8+ Rxe8 40. Qxb4 Bxa6 41. Bb2 Re2 42. Bxg7+ Nxg7 43. Rd2 Rxd2 44. Qxd2 Bc8 45. Qb2 Kg8 46. Bf1 a5 47. Bb5 Bf5 48. Bc6 h6 49. Nf3 Qa7 1/2-1/2

[Event "NY"]
[Site "New York, NY USA"]
[Date "1986.??.??"]
[Round "?"]
[White "Djuric, Stefan"]
[Black "De Firmian, Nick E"]
[Result "1-0"]
[WhiteElo "2465"]
[BlackElo "2520"]
[PlyCount "34"]
[EventDate "1986.??.??"]
[Source "www.chesslib.no"]
[SourceDate "2004.05.04"]

1. d4 Nf6 2. c4 e6 3. Nf3 c5 4. d5 exd5 5. cxd5 d6 6. Nc3 g6 7. g3 Bg7 8. Bg2 O-O 9. O-O Nbd7 10. Nd2 Nh5 11. Nde4 Ndf6 12. Bg5 h6 13. Nxf6+ Nxf6 14. Bd2 Re8 15. h3 Bf5 16. Qc1 h5 17. Bh6 Qd7 1-0

[Event "Bela Crkva Open"]
[Site "Bela Crkva"]
[Date "1996.??.??"]
[Round "9"]
[White "Ilincic, Zlatko"]
[Black "Kovacevic, Aleksandar"]
[Result "1/2-1/2"]
[WhiteElo "2555"]
[BlackElo "2430"]
[PlyCount "152"]
[EventDate "1996.??.??"]
[Source "www.chesslib.no"]
[SourceDate "2004.05.04"]

1. d4 Nf6 2. c4 c5 3. d5 d6 4. Nc3 g6 5. g3 e6 6. Bg2 exd5 7. cxd5 Bg7 8. Nf3 O-O 9. O-O a6 10. a4 Nbd7 11. Nd2 Ne8 12. a5 b5 13. axb6 Nxb6 14. Nb3 Nc4 15. Ra4 Nb6 16. Ra2 Nc4 17. Qd3 Rb8 18. Nd1 Rb4 19. Ne3 Nxe3 20. Qxe3 Nf6 21. Na5 Re8 22. Qa3 Qc7 23. b3 Ne4 24. Bb2 f5 25. Rc1 Qf7 26. Bxg7 Qxg7 27. e3 Qf7 28. Nc4 Qe7 29. Qb2 Bb7 30. Rd1 Rb8 31. Qc2 Re8 32. Qd3 Qf6 33. Rc2 Bc8 34. Na5 Bd7 35. Nc6 Rb6 36. Rc4 Kg7 37. f3 Ng5 38. Ra4 Bxc6 39. dxc6 Rxc6 40. f4 Ne4 41. Bxe4 fxe4 42. Rxe4 Rxe4 43. Qxe4 Rb6 44. Rd3 Qf7 45. Kf2 Qd7 46. g4 Kf7 47. f5 gxf5 48. gxf5 Qe7 49. Qxe7+ Kxe7 50. Kf3 Rb4 51. e4 c4 52. bxc4 Rxc4 53. Kf4 a5 54. Rh3 d5 55. Rxh7+ Kf6 56. Rh6+ Kf7 57. Kg5 dxe4 58. Rh7+ Kf8 59. Kg6 Rc2 60. Rh8+ Ke7 61. f6+ Kd7 62. Rh4 Rg2+ 63. Kf7 e3 64. Rd4+ Kc6 65. Ke7 e2 66. Re4 Rxh2 67. f7 Rf2 68. f8=Q Rxf8 69. Kxf8 Kb5 70. Ke7 a4 71. Kd6 a3 72. Rxe2 Kb4 73. Kd5 Kb3 74. Re3+ Kb2 75. Kc4 a2 76. Re2+ Ka3 1/2-1/2

[Event "1st League TCh-SCG"]
[Site "Budva"]
[Date "2003.09.02"]
[Round "5"]
[White "Ilincic, Zlatko"]
[Black "Brenjo, Slavisa"]
[Result "1/2-1/2"]
[WhiteElo "2557"]
[BlackElo "2424"]
[PlyCount "60"]
[EventDate "2003.08.29"]
[Source "Roberto Alvarez"]
[SourceDate "2003.10.27"]

1. d4 Nf6 2. c4 c5 3. d5 g6 4. Nc3 d6 5. g3 Bg7 6. Bg2 O-O 7. Nf3 e6 8. O-O exd5 9. cxd5 a6 10. a4 Nbd7 11. Nd2 Rb8 12. Nc4 Ne8 13. Bf4 Nb6 14. Na3 Bd7 15. a5 Na8 16. Nc4 Bb5 17. Qd3 Bxc4 18. Qxc4 b5 19. axb6 Rxb6 20. Rxa6 Rxb2 21. Ne4 Nb6 22. Qd3 c4 23. Qa3 Nxd5 24. Bxd6 Nxd6 25. Nxd6 Nc7 26. Nxc4 Rxe2 27. Rd6 Nb5 28. Rxd8 Nxa3 29. Rxf8+ Bxf8 30. Nxa3 Bxa3 1/2-1/2

[Event "Nat Ch, Erevan ARM"]
[Site "Erevan"]
[Date "1995.??.??"]
[Round "?"]
[White "Mirumian, V."]
[Black "Minasian, Ar"]
[Result "0-1"]
[WhiteElo "2415"]
[BlackElo "2565"]
[PlyCount "72"]
[EventDate "1995.??.??"]
[Source "www.chesslib.no"]
[SourceDate "2004.05.04"]

1. d4 c5 2. d5 Nf6 3. c4 g6 4. Nc3 Bg7 5. g3 O-O 6. Bg2 e6 7. Nf3 exd5 8. cxd5 d6 9. O-O a6 10. a4 Nbd7 11. Nd2 Rb8 12. Nc4 Ne8 13. Bf4 Qe7 14. Qd2 Ne5 15. Bxe5 Bxe5 16. Nxe5 Qxe5 17. f4 Qg7 18. e4 f5 19. Rfe1 fxe4 20. Nxe4 b5 21. b4 cxb4 22. Qxb4 a5 23. Qxa5 b4 24. Rab1 Qd4+ 25. Kh1 Bf5 26. Red1 Qc4 27. Rdc1 Qa2 28. Rxb4 Rc8 29. Rg1 Rc2 30. Qb5 Nc7 31. Qd3 Re2 32. g4 Bxg4 33. Rb7 Bf5 34. Rxc7 Bxe4 35. Qc3 Bxg2+ 36. Rxg2 Qb1+ 0-1

[Event "Volgograd"]
[Site "?"]
[Date "1995.??.??"]
[Round "?"]
[White "Gleizerov, E."]
[Black "Mololkin, A."]
[Result "1-0"]
[WhiteElo "2540"]
[BlackElo "2430"]
[PlyCount "111"]
[EventDate "1995.??.??"]
[Source "ChessBase"]
[SourceDate "1995.06.01"]

1. d4 Nf6 2. c4 c5 3. d5 e6 4. Nc3 exd5 5. cxd5 d6 6. Nf3 g6 7. g3 Bg7 8. Bg2 O-O 9. O-O a6 10. a4 Nbd7 11. Bf4 Qe7 12. h3 Nh5 13. Bg5 f6 14. Bd2 f5 15. Qc1 Ne5 16. Rb1 Nxf3+ 17. Bxf3 Nf6 18. b4 Ne4 19. Nxe4 fxe4 20. Bg2 b6 21. Be3 a5 22. bxc5 bxc5 23. Qc2 Ba6 24. Rb6 Rfb8 25. Rfb1 Qd8 26. Rxb8 Rxb8 27. Rxb8 Qxb8 28. Qxe4 c4 29. Qe6+ Kh8 30. Bf4 Bf8 31. Qf6+ Bg7 32. Qxd6 Qxd6 33. Bxd6 c3 34. Bf4 Bxe2 35. d6 Bf6 36. d7 Bd8 37. Be5+ Kg8 38. Bxc3 Kf7 39. Bf1 Bxf1 40. Kxf1 Ke7 41. Ke2 Kxd7 42. Kd3 Kc6 43. Kc4 h5 44. f3 Bc7 45. Be1 Bd8 46. g4 Bc7 47. gxh5 gxh5 48. Bc3 Bd8 49. f4 Bc7 50. f5 h4 51. Bf6 Bg3 52. Bd8 Be1 53. f6 Kd7 54. f7 Bb4 55. Bxa5 Bf8 56. Bb4 1-0

[Event "JUG-ch"]
[Site "Belgrade"]
[Date "1999.??.??"]
[Round "8"]
[White "Drasko, Milan"]
[Black "Kovacevic, Aleksandar"]
[Result "1/2-1/2"]
[WhiteElo "2505"]
[BlackElo "2465"]
[PlyCount "155"]
[EventDate "1999.03.??"]
[Source "www.chesslib.no"]
[SourceDate "2004.05.04"]

1. d4 c5 2. d5 Nf6 3. c4 e6 4. Nc3 exd5 5. cxd5 d6 6. Nf3 g6 7. g3 Bg7 8. Bg2 O-O 9. O-O a6 10. a4 Nbd7 11. Bf4 Qc7 12. h3 Re8 13. Rc1 Rb8 14. b4 Nh5 15. Bd2 Qb6 16. b5 Ne5 17. Nxe5 Bxe5 18. e4 Bd7 19. Kh2 axb5 20. axb5 Ra8 21. f4 Bd4 22. Qf3 Ra3 23. Ra1 Rxa1 24. Rxa1 Ng7 25. g4 f5 26. exf5 gxf5 27. g5 c4 28. Rc1 Be3 29. Rd1 Qd4 30. Bxe3 Qxe3 31. Rf1 Qc5 32. Qf2 Qxf2 33. Rxf2 Nh5 34. Rf3 Rc8 35. Bf1 Rc5 36. Be2 Bxb5 37. Rf1 Be8 38. Rb1 Nxf4 39. Rxb7 Nxe2 40. Nxe2 Rxd5 41. Nf4 Re5 42. Rc7 Rc5 43. Rxc5 dxc5 44. Ne2 Bh5 45. Nc3 f4 46. Nd5 f3 47. Kg3 Kf7 48. h4 Bg4 49. Ne3 Bh5 50. Nxc4 Ke6 51. Nd2 Kd5 52. Nxf3 c4 53. Kf4 c3 54. Ne1 Kd4 55. Nc2+ Kd3 56. Na3 Bg6 57. Kg4 Ke4 58. h5 Bf5+ 59. Kg3 Ke3 60. Nc4+ Kd4 61. Na3 Ke5 62. g6 h6 63. g7 Bh7 64. Kf3 Kf6 65. Ke3 Kxg7 66. Nb5 c2 67. Kd2 Kf6 68. Nd4 Kg5 69. Nxc2 Kxh5 70. Ne3 Kh4 71. Ke2 Kg3 72. Nf1+ Kh3 73. Kf3 h5 74. Ng3 h4 75. Ne2 Bf5 76. Kf4 Bd7 77. Ng1+ Kg2 78. Kg5 1/2-1/2

[Event "FINEC GMA"]
[Site "St Petersburg RUS"]
[Date "2008.01.28"]
[Round "5"]
[White "Matlakov, M."]
[Black "Kveinys, A."]
[Result "1/2-1/2"]
[WhiteElo "2441"]
[BlackElo "2521"]
[PlyCount "71"]
[EventDate "2008.01.24"]
[Source "www.chesslib.no"]
[SourceDate "2004.05.04"]

1. d4 Nf6 2. c4 e6 3. Nf3 c5 4. d5 exd5 5. cxd5 d6 6. Nc3 g6 7. g3 Bg7 8. Bg2 O-O 9. O-O a6 10. a4 Nbd7 11. Bf4 Qe7 12. h3 Rb8 13. Qb1 Nh5 14. Bg5 f6 15. Bd2 f5 16. b4 Nxg3 17. fxg3 Bxc3 18. Bxc3 Qe3+ 19. Kh1 Qxc3 20. bxc5 Nxc5 21. Qb6 Qf6 22. Nd2 Bd7 23. Nc4 Nxa4 24. Qc7 Qg7 25. Nxd6 Nc3 26. Rac1 Nxe2 27. Rce1 Nc3 28. Re3 Nb5 29. Nxb5 Rbc8 30. Qxb7 Bxb5 31. Re7 Qf6 32. Rf2 Rb8 33. Qa7 Ra8 34. Qb7 Rab8 35. Qa7 Ra8 36. Qb7 1/2-1/2

[Event "Jerusalem"]
[Site "Jerusalem"]
[Date "1986.??.??"]
[Round "?"]
[White "Sosonko, Gennadi"]
[Black "Rechlis, Gad"]
[Result "1-0"]
[WhiteElo "2530"]
[BlackElo "2430"]
[PlyCount "87"]
[EventDate "1986.11.??"]
[Source "ChessBase"]

1. d4 Nf6 2. c4 e6 3. g3 c5 4. d5 exd5 5. cxd5 g6 6. Nc3 Bg7 7. Bg2 O-O 8. Nf3 d6 9. O-O a6 10. a4 Nbd7 11. e4 Re8 12. Re1 Qc7 13. Bf1 Ne5 14. Nxe5 Rxe5 15. Bf4 Re8 16. e5 dxe5 17. d6 Qc6 18. Bxe5 Bg4 19. Bg2 Qd7 20. Qb3 Rab8 21. Qc4 Qf5 22. Qf4 Qxf4 23. Bxf4 Rxe1+ 24. Rxe1 b5 25. Bc6 b4 26. Nd5 Nxd5 27. Bxd5 Bxb2 28. Re7 Rf8 29. Bg5 h6 30. Bxh6 Bg7 31. Bg5 Rd8 32. Bxf7+ Kh7 33. Bf4 g5 34. Bxg5 Rxd6 35. Kg2 Bf5 36. Be3 Rc6 37. Bd5 Rd6 38. Bc4 Rc6 39. a5 Bc2 40. Rb7 Kg6 41. f3 Be5 42. h4 Bc7 43. h5+ Kf6 44. h6 1-0

[Event "JUG Ch sf"]
[Site "Kladovo"]
[Date "1994.??.??"]
[Round "?"]
[White "Drasko, Milan"]
[Black "Kovacevic, Aleksandar"]
[Result "1/2-1/2"]
[WhiteElo "2545"]
[BlackElo "2405"]
[PlyCount "49"]
[EventDate "1994.??.??"]
[Source "www.chesslib.no"]
[SourceDate "2004.05.04"]

1. d4 c5 2. d5 d6 3. c4 Nf6 4. Nf3 e6 5. Nc3 exd5 6. cxd5 g6 7. g3 Bg7 8. Bg2 O-O 9. O-O a6 10. a4 Nbd7 11. Bf4 Qe7 12. h3 h6 13. Qc1 Kh7 14. e4 Ne8 15. Rb1 c4 16. Be3 Nc7 17. a5 Nb5 18. Na4 f5 19. exf5 Rxf5 20. Qxc4 Rxf3 21. Bxf3 Ne5 22. Qe2 Nxf3+ 23. Qxf3 Bxh3 24. Rfe1 Rf8 25. Qh1 1/2-1/2

[Event "JUG Team Ch Cup"]
[Site "Becici"]
[Date "1994.??.??"]
[Round "?"]
[White "Drasko, Milan"]
[Black "Kovacevic, Aleksandar"]
[Result "1-0"]
[WhiteElo "2545"]
[BlackElo "2405"]
[PlyCount "89"]
[EventDate "1994.??.??"]
[Source "www.chesslib.no"]
[SourceDate "2004.05.04"]

1. d4 Nf6 2. c4 c5 3. d5 d6 4. Nf3 e6 5. Nc3 exd5 6. cxd5 g6 7. g3 Bg7 8. Bg2 O-O 9. O-O a6 10. a4 Nbd7 11. Bf4 Qc7 12. Rc1 Re8 13. b4 Nh5 14. Bd2 b6 15. h3 Bb7 16. Re1 Rac8 17. b5 c4 18. bxa6 Bxa6 19. g4 Nhf6 20. Nd4 Nc5 21. Ncb5 Qd7 22. Rxc4 Bb7 23. Nc3 Nfe4 24. Nxe4 Nxe4 25. Nc6 f5 26. Qc2 Qf7 27. Be3 Ba6 28. Rxe4 fxe4 29. Bxe4 Qf6 30. Bxb6 Qc3 31. Kf1 Qxh3+ 32. Bg2 Qxg4 33. a5 Rxe2 34. Rxe2 Re8 35. f3 Rxe2 36. fxg4 Rxc2+ 37. Kg1 Bc4 38. Nb8 Be5 39. a6 Bg3 40. Be4 Ra2 41. a7 Bh2+ 42. Kh1 Be5 43. Nc6 Bf4 44. Na5 Ra1+ 45. Kg2 1-0

[Event "Match"]
[Site "Tilburg m"]
[Date "1992.??.??"]
[Round "?"]
[White "Smyslov, Vassily V"]
[Black "Grooten, Herman"]
[Result "1-0"]
[WhiteElo "2530"]
[BlackElo "2405"]
[PlyCount "49"]
[EventDate "1992.??.??"]
[Source "www.chesslib.no"]
[SourceDate "2004.05.04"]

1. d4 Nf6 2. c4 e6 3. g3 c5 4. d5 exd5 5. cxd5 d6 6. Bg2 g6 7. Nf3 Bg7 8. O-O O-O 9. Nc3 a6 10. a4 Nbd7 11. Bf4 Qe7 12. Qd2 Ng4 13. h3 Nge5 14. Nxe5 Nxe5 15. a5 Bd7 16. Rfb1 Rab8 17. Bh6 Nc4 18. Qe3 Bh8 19. Qf3 b6 20. axb6 Rxb6 21. b3 Ne5 22. Bh1 Rfb8 23. Nd1 g5 24. Qe3 Qf6 25. Qd3 1-0

[Event "Capablanca mem-A"]
[Site "Cuba"]
[Date "1993.??.??"]
[Round "5"]
[White "Hernandez, Gilberto"]
[Black "Vilela, Jose Luis"]
[Result "1/2-1/2"]
[WhiteElo "2505"]
[BlackElo "2430"]
[PlyCount "169"]
[EventDate "1993.??.??"]
[Source "ChessBase"]

1. d4 Nf6 2. c4 e6 3. g3 c5 4. d5 exd5 5. cxd5 d6 6. Nc3 g6 7. Bg2 Bg7 8. Nf3 O-O 9. O-O Re8 10. h3 a6 11. a4 Nbd7 12. Re1 Rb8 13. Bf4 Qc7 14. e4 Nh5 15. Be3 b5 16. axb5 axb5 17. Bf1 b4 18. Nb5 Qb6 19. Nd2 Ne5 20. Na7 Bd7 21. g4 Nf6 22. g5 Nh5 23. f4 Ra8 24. fxe5 Rxa7 25. Nc4 Qb8 26. Rxa7 Qxa7 27. Nxd6 Rxe5 28. Qf3 Re7 29. b3 Be5 30. Nc4 Bc3 31. Rd1 Re8 32. Bg2 h6 33. gxh6 f5 34. exf5 Bxf5 35. Nd6 Rf8 36. Nxf5 Rxf5 37. Qg4 Kh7 38. Qc4 Bd4 39. Bxd4 cxd4 40. Qxd4 Qd7 41. Ra1 Kxh6 42. Ra8 Rf6 43. Qe5 Qd6 44. Qxd6 Rxd6 45. Rc8 Nf4 46. Rc6 Rd8 47. d6 Kg5 48. Bf1 Kf5 49. Kf2 Ke5 50. Kg3 Ne6 51. Rb6 Rxd6 52. Rxb4 Nd4 53. Rb8 Nf5+ 54. Kf3 Rd1 55. Re8+ Kf6 56. Bc4 Nd4+ 57. Kf2 Rb1 58. Rb8 Ke5 59. Ke3 Nf5+ 60. Kd3 Rh1 61. Rh8 Nd6 62. Kc3 g5 63. Kb4 Kd4 64. Be6 Re1 65. Rh6 Re4 66. Bd7 Kd5+ 67. Ka3 Re7 68. Bg4 Nb5+ 69. Ka4 Nd4 70. Ra6 Re5 71. Rg6 Ke4 72. b4 Kd3 73. Rg8 Re1 74. Ka5 Re5+ 75. Ka6 Rb5 76. Bd7 Rxb4 77. Rxg5 Rb2 78. h4 Ke4 79. h5 Rh2 80. Kb6 Kf4 81. Rd5 Nf3 82. Kc5 Ne5 83. Be8 Kf5 84. Kd6 Kf6 85. Rxe5 1/2-1/2

[Event "Beersheba"]
[Site "Beer Sheba ISR"]
[Date "1976.??.??"]
[Round "7"]
[White "Radashkovich, Itchak"]
[Black "Marovic, Drazen"]
[Result "0-1"]
[WhiteElo "2445"]
[BlackElo "2485"]
[PlyCount "66"]
[EventDate "1976.03.??"]
[Source "www.chesslib.no"]
[SourceDate "2004.05.04"]

1. d4 Nf6 2. c4 g6 3. g3 Bg7 4. Bg2 O-O 5. Nf3 c5 6. d5 e6 7. Nc3 exd5 8. cxd5 d6 9. O-O a6 10. a4 Nbd7 11. Bf4 Qe7 12. Qd2 Ng4 13. b3 Rb8 14. Rfe1 Re8 15. Rab1 Nge5 16. Bh6 Bh8 17. h3 b5 18. axb5 axb5 19. b4 Nc4 20. Qc1 Ba6 21. bxc5 dxc5 22. Bf4 Nde5 23. Ne4 Rbc8 24. Nxe5 Bxe5 25. Bxe5 Qxe5 26. Ra1 Bb7 27. Rd1 Red8 28. f4 Qg7 29. Ra7 Bxd5 30. Nc3 Bxg2 31. Kxg2 Rxd1 32. Nxd1 Qd4 33. e3 Qxd1 0-1

[Event "Kup Yug M 2002"]
[Site "?"]
[Date "2002.05.13"]
[Round "1"]
[White "Ristic Nebojsa"]
[Black "Kovacevic Aleksandar"]
[Result "0-1"]
[WhiteElo "2379"]
[BlackElo "2547"]
[PlyCount "54"]
[EventDate "2002.??.??"]
[Source "www.chesslib.no"]
[SourceDate "2004.05.04"]

1. d4 Nf6 2. Nf3 g6 3. c4 c5 4. d5 e6 5. Nc3 exd5 6. cxd5 d6 7. g3 Bg7 8. Bg2 O-O 9. O-O Nbd7 10. Bf4 Qe7 11. e4 a6 12. a4 Ng4 13. Nd2 Nde5 14. h3 g5 15. Bxe5 Nxe5 16. Qe2 f5 17. exf5 Bxf5 18. Be4 Bxh3 19. Bxh7+ Kxh7 20. Qh5+ Bh6 21. Qxh3 g4 22. Qh1 Kg7 23. Nce4 Bxd2 24. Nxd2 Rh8 25. Qg2 Qg5 26. Rad1 Raf8 27. Ne4 Qg6 0-1

[Event "North Ural Cup"]
[Site "Krasnoturinsk"]
[Date "2003.08.15"]
[Round "7"]
[White "Matveeva, Svetlana"]
[Black "Kovalevskaya, Ekaterina"]
[Result "1-0"]
[WhiteElo "2478"]
[BlackElo "2443"]
[PlyCount "94"]
[EventDate "2003.08.09"]
[Source "Roberto Alvarez"]
[SourceDate "2003.08.18"]

1. d4 Nf6 2. c4 g6 3. g3 Bg7 4. Bg2 c5 5. d5 d6 6. Nc3 O-O 7. Nf3 e6 8. O-O exd5 9. cxd5 a6 10. a4 Nbd7 11. Nd2 Ne8 12. Nc4 Ne5 13. Nxe5 Bxe5 14. Bh6 Ng7 15. Qd2 Re8 16. Bf4 Bxf4 17. Qxf4 Rb8 18. Rfb1 Bf5 19. e4 g5 20. Qd2 Bg6 21. b4 cxb4 22. Rxb4 h6 23. Rab1 Qd7 24. Bf1 Qc7 25. Bd3 Rec8 26. Ne2 Re8 27. Qb2 Qc5 28. Rc4 Qa5 29. Qb4 Qxb4 30. Rcxb4 a5 31. Rc4 f5 32. Nc3 Rec8 33. Rxb7 fxe4 34. Rxc8+ Rxc8 35. Nxe4 Bxe4 36. Bxe4 Ne8 37. Bf5 Rc1+ 38. Kg2 Nc7 39. Rb6 Kg7 40. Rxd6 Rc5 41. Rg6+ Kf8 42. d6 Rxf5 43. dxc7 Rc5 44. Rxh6 Rxc7 45. Rh5 Rc4 46. Rxg5 Rxa4 47. h4 Ke7 1-0

[Event "Kecskemet Open"]
[Site "Kecskemet HUN"]
[Date "1985.??.??"]
[Round "9"]
[White "Hausner, Ivan"]
[Black "Horvath, Jozsef"]
[Result "1/2-1/2"]
[WhiteElo "2400"]
[BlackElo "2520"]
[PlyCount "44"]
[EventDate "1985.??.??"]
[Source "www.chesslib.no"]
[SourceDate "2004.05.04"]

1. d4 Nf6 2. c4 e6 3. g3 c5 4. d5 exd5 5. cxd5 d6 6. Nc3 g6 7. Bg2 Bg7 8. Nf3 O-O 9. O-O Nbd7 10. Bf4 Qe7 11. Qd2 Nb6 12. b3 Bf5 13. Nh4 Be4 14. Rad1 Bxg2 15. Nxg2 Rfe8 16. Rfe1 Qd7 17. e4 Ng4 18. Ne3 Ne5 19. Kg2 Rac8 20. a4 Rcd8 21. a5 Nc8 22. Nc4 b5 1/2-1/2

[Event "41th ch-IND"]
[Site "Calcuta "]
[Date "2003.12.19"]
[Round "22"]
[White "Kunte, Abhijit"]
[Black "Prathamesh, S Mokal"]
[Result "1/2-1/2"]
[WhiteElo "2535"]
[BlackElo "2379"]
[PlyCount "47"]
[EventDate "2003.12.04"]
[Source "Roberto Alvarez"]
[SourceDate "2003.12.22"]

1. d4 Nf6 2. c4 e6 3. g3 c5 4. d5 exd5 5. cxd5 d6 6. Nc3 g6 7. Nf3 Bg7 8. Bg2 O-O 9. O-O a6 10. a4 Nbd7 11. Bf4 Qc7 12. Rc1 Re8 13. Re1 Rb8 14. b4 Nh5 15. Bd2 b5 16. axb5 axb5 17. e4 Qd8 18. Bg5 Bf6 19. Be3 cxb4 20. Na2 Qa5 21. Qb3 Rxe4 22. Nd4 Rxd4 23. Bxd4 Bxd4 24. Re8+ 1/2-1/2